| 000 | 00725nam a2200241 a 4500 | ||
|---|---|---|---|
| 001 | 86316 | ||
| 003 | BD-RjUL | ||
| 005 | 20260405125654.0 | ||
| 008 | 260405r20252011enka 000 0 eng d | ||
| 020 | _a 9789352837298 | ||
| 035 | _a(BD-RjUL)86316 | ||
| 040 |
_aDLC/ICU _cICU _dDLC _dBD-RjUL _beng |
||
| 041 | _aeng | ||
| 082 |
_223 _a546 _bMAS 2025 |
||
| 100 | 1 |
_aMadan, R. D _d1873-1938. _963368 |
|
| 245 | 1 | 0 |
_aSatya Prakashs Modern inorganic chemistry / _cR. D. Madan |
| 246 | _aModern inorganic chemistry | ||
| 250 | _a3rd rev. ed | ||
| 260 |
_aNoida, U.P. (India) : _bS Chand Publishing, _c201, [reprinted 2025] |
||
| 300 |
_a1520 p. : _billus. ; _c22 cm. |
||
| 650 | 0 |
_aChemistry, Inorganic. _963369 |
|
| 942 |
_2ddc _cBK |
||
| 999 |
_c86316 _d86316 |
||